Normal view
MARC view
Entry Topical Term
001 - CONTROL NUMBER
- control field: 5472
003 - CONTROL NUMBER IDENTIFIER
- control field: OSt
005 - DATE AND TIME OF LATEST TRANSACTION
- control field: 20260226101244.0
008 - FIXED-LENGTH DATA ELEMENTS
- fixed length control field: 260226|| aca||aabn | a|a d
040 ## - CATALOGING SOURCE
- Original cataloging agency: OSt
- Transcribing agency: OSt
150 ## - HEADING--TOPICAL TERM
- Topical term or geographic name entry element: Jews
- General subdivision: persecution
670 ## - SOURCE DATA FOUND
- Source citation: Work cat.: (OSt)0: Fischerová, Viola, 1922-2017 aut 5468, Mengeleho dievča, 2016